000 00565nam a2200241Ia 4500
005 20260306150526.0
008 008 260114s9999 xx 000 0 eng d
020 _a9780231876650
037 _aEbook
040 _aCRL
040 _beng
040 _cCRL
041 _2eng
041 _aeng
084 _qCRL
245 0 _aRoots of Bergson’S Philosophy
260 _bColumbia University Press
260 _c1943
650 _aPhilosophy
856 _uhttps://www.degruyter.com/isbn/9780231876650
942 _cEBOOK
999 _c1697415
_d1697415